<?xml version="1.0" encoding="UTF-8"?>
<record
    xmlns:xsi="http://www.w3.org/2001/XMLSchema-instance"
    xsi:schemaLocation="http://www.loc.gov/MARC21/slim http://www.loc.gov/standards/marcxml/schema/MARC21slim.xsd"
    xmlns="http://www.loc.gov/MARC21/slim">

  <leader>00374nam a22001577a 4500</leader>
  <controlfield tag="003">SGT</controlfield>
  <datafield tag="020" ind1=" " ind2=" ">
    <subfield code="a">978-93-5270-514-6</subfield>
  </datafield>
  <datafield tag="082" ind1=" " ind2=" ">
    <subfield code="a">612.015</subfield>
    <subfield code="b">P20V</subfield>
  </datafield>
  <datafield tag="100" ind1=" " ind2=" ">
    <subfield code="a">VASUDEVAN,D.M</subfield>
  </datafield>
  <datafield tag="245" ind1=" " ind2=" ">
    <subfield code="a">PRACTICAL TEXTBOOK OF BIOCHEMISTRY FOR MEDICAL STUDENTS</subfield>
  </datafield>
  <datafield tag="250" ind1=" " ind2=" ">
    <subfield code="a">3RD</subfield>
  </datafield>
  <datafield tag="260" ind1=" " ind2=" ">
    <subfield code="a">NEW DELHI</subfield>
    <subfield code="b">JAYPEE PUB</subfield>
    <subfield code="c">2020</subfield>
  </datafield>
  <datafield tag="300" ind1=" " ind2=" ">
    <subfield code="a">271</subfield>
  </datafield>
  <datafield tag="650" ind1=" " ind2=" ">
    <subfield code="a">AYURVEDA</subfield>
  </datafield>
  <datafield tag="942" ind1=" " ind2=" ">
    <subfield code="2">ddc</subfield>
    <subfield code="c">BK</subfield>
    <subfield code="0">10</subfield>
  </datafield>
  <datafield tag="952" ind1=" " ind2=" ">
    <subfield code="0">0</subfield>
    <subfield code="1">0</subfield>
    <subfield code="2">ddc</subfield>
    <subfield code="4">0</subfield>
    <subfield code="5">1</subfield>
    <subfield code="7">0</subfield>
    <subfield code="8">FA</subfield>
    <subfield code="a">APL</subfield>
    <subfield code="b">APL</subfield>
    <subfield code="c">REF</subfield>
    <subfield code="d">2019-12-09</subfield>
    <subfield code="e">AHUJA PUB</subfield>
    <subfield code="g">395.00</subfield>
    <subfield code="i">SGTU</subfield>
    <subfield code="o">612.015 P20V</subfield>
    <subfield code="p">FA10360</subfield>
    <subfield code="r">2019-12-09 00:00:00</subfield>
    <subfield code="w">2019-11-13</subfield>
    <subfield code="y">BK</subfield>
    <subfield code="k">11572</subfield>
  </datafield>
  <datafield tag="952" ind1=" " ind2=" ">
    <subfield code="0">0</subfield>
    <subfield code="1">0</subfield>
    <subfield code="2">ddc</subfield>
    <subfield code="4">0</subfield>
    <subfield code="7">0</subfield>
    <subfield code="8">FA</subfield>
    <subfield code="a">APL</subfield>
    <subfield code="b">APL</subfield>
    <subfield code="c">TXT</subfield>
    <subfield code="d">2019-12-09</subfield>
    <subfield code="e">AHUJA PUB</subfield>
    <subfield code="g">395.00</subfield>
    <subfield code="i">SGTU</subfield>
    <subfield code="l">6</subfield>
    <subfield code="o">612.015 P20V</subfield>
    <subfield code="p">FA10361</subfield>
    <subfield code="r">2025-11-20 00:00:00</subfield>
    <subfield code="s">2025-11-12</subfield>
    <subfield code="w">2019-11-13</subfield>
    <subfield code="y">BK</subfield>
    <subfield code="k">11572</subfield>
  </datafield>
  <datafield tag="952" ind1=" " ind2=" ">
    <subfield code="0">0</subfield>
    <subfield code="1">0</subfield>
    <subfield code="2">ddc</subfield>
    <subfield code="4">0</subfield>
    <subfield code="7">0</subfield>
    <subfield code="8">FA</subfield>
    <subfield code="a">APL</subfield>
    <subfield code="b">APL</subfield>
    <subfield code="c">TXT</subfield>
    <subfield code="d">2019-12-09</subfield>
    <subfield code="e">AHUJA PUB</subfield>
    <subfield code="g">395.00</subfield>
    <subfield code="i">SGTU</subfield>
    <subfield code="l">7</subfield>
    <subfield code="o">612.015 P20V</subfield>
    <subfield code="p">FA10362</subfield>
    <subfield code="r">2025-11-24 00:00:00</subfield>
    <subfield code="s">2025-11-12</subfield>
    <subfield code="w">2019-11-13</subfield>
    <subfield code="y">BK</subfield>
    <subfield code="k">11572</subfield>
  </datafield>
  <datafield tag="999" ind1=" " ind2=" ">
    <subfield code="c">19551</subfield>
    <subfield code="d">19551</subfield>
  </datafield>
</record>
